000 00506nam a2200157Ia 4500
008 090123s9999 xx 000 0 und d
082 _b39526
245 _aविकास रंगतदार गोष्टी
250 _a0
260 _bनवनीत प्रकाशन
300 _a32
630 _aविकास रंगतदार गोष्टी
700 _aबागवे अशोक
730 _aविकास रंगतदार गोष्टी
942 _cBOOK
999 _c77589
_d77589